000 00282nam a22001097a 4500
020 _a9788186095171
082 _a664.02
_bBAK/FO
245 _aFood processing and preservation, Part-II
260 _aNew Delhi
_bJagmander Book Agency
_c2013
700 _aBakshi, A.K
_9403
942 _cREF
999 _c14015
_d14015